000 00909nam a22001817a 4500
999 _c62618
_d62618
003 Ge_BSU
005 20241219111900.0
008 241219s1977 ge ||||| |||| 00| 0 geo d
041 _ageo
080 _a612.8 ნ-29
100 _aნარიკაშვილი, ს.
_923631
245 _aნეიროფიზიოლოგიის საკითხები :
_bსამეცნიერულ-პოპულარული ნარკვევები /
_cს. ნარიკაშვილი; რედ. ც. ორჯონიკიძე; ფიზიოლოგიის ინ-ტი.
264 _aთბ. :
_bმეცნიერება,
_c1977.
300 _a258 გვ. :
_bილ. ;
_c22 სმ.
653 _aნეიროფიზიოლოგია
700 _aორჯონიკიძე, ც.
_eრედაქტორი
_91135
942 _2udc
_cᲬᲘᲒᲜᲘ